00322nam a2200109Ia 4500008004100000020001800041100001700059245006100076250001200137260004500149300001800194180219s9999 xx 000 0 und d a9789710165070 aBallada, Win cBallada, SusanaPartnership and corporation accounting / a16th ed aSampaloc City :bDomdane Publisherc2012 aii, 441 pages